Стара архитектура в Пловдив (Запис номер 388232)
[ съкратено ]
| 000 -Лидер | |
|---|---|
| Контролно поле с фиксирана дължина | nkm a22 a 4500 |
| 003 - Код на организацията, давaща контролен номер | |
| Контролно поле | BLK |
| 005 - Дата и час на последна редакция | |
| Контролно поле | 20200923160439.0 |
| 008 - Елементи от данни с фиксирана дължина | |
| fixed length control field | 200923b bu ||||| |||| 00| k|bu d |
| 040 ## - Източник на каталожния запис | |
| Идентификатор на билиотеката - собственик на записа | BLK |
| 041 ## - Код за език | |
| Код за езика на текст/звукозапис или на отделно заглавие | Български |
| Код за езика КДБФ | Български |
| 080 ## - УДК | |
| Текстов определител УДК | Архитектура |
| УДК код - определител по УДК | 72 |
| УДК - код + определител | 72(497.2-2)(084) |
| 100 ## - Редна дума - Автор | |
| R(LIN) | 259942 |
| Автор | Матеев, Матей Николов |
| Авторска отговорност | първи автор |
| 139 ## - Редно поле | |
| Редна дума | Матеев, Матей Николов |
| Авторски знак | Мате - М 39 |
| 245 ## - Сведения за заглавието | |
| Заглавие | Стара архитектура в Пловдив |
| Подзаглавни данни | [Изобразителен материал] : [Албум] |
| Редно поле (дума) | Матей Матеев ; Сн. Евгени Дюлгеров. |
| 257 ## - Страна на издаване | |
| Страна на създаване/издаване | България |
| 260 ## - Област на издателските данни | |
| 9 (RLIN) | 210539 |
| Място на издаване, разпространение и проч. | София |
| Име на издателя, разпространителя и проч. | Септември |
| Година на издаване | 1976 |
| Издателство - префикс ISBN | 954-406- |
| 300 ## - Физическа характеристика | |
| Страници | 1 албум (159 с.) |
| Илюстрации и др. | с ил. |
| Размери/Мащаб | 19 х 20 см |
| 380 ## - Жанр | |
| Жанр | Изкуство |
| 501 ## - Забележка „подвързано към” | |
| Забележка: Подвързано към... | Името на авт. не е отбелязано на кор. - Парал. текст на рус., нем. и англ. ез./ Прев. Нина Ковачева, Маргарита Алексиева, Ирис фон Бредов. - 7 000 тир. |
| 650 #0 - Допълнително описание по предмет – тема | |
| 9 (RLIN) | 251107 |
| Основно описание – тема или топоним | Архитектура, българска |
| 650 #0 - Допълнително описание по предмет – тема | |
| 9 (RLIN) | 243112 |
| Основно описание – тема или топоним | Градове - България |
| 651 #7 - Допълнително описание по предмет - топоним | |
| 9 (RLIN) | 179377 |
| Географско понятие | Пловдив |
| 653 #7 - Ключова дума – ненормативна | |
| 9 (RLIN) | 181364 |
| Ключова дума | архитектура |
| 653 #0 - Ключова дума – ненормативна | |
| 9 (RLIN) | 401783 |
| Ключова дума | снимкови албуми |
| 700 ## - Други автори (авторска отговорност) | |
| 9 (RLIN) | 352664 |
| Лично име | Дюлгеров, Евгени |
| Автороска отговорност (Описва отношението между автора и произведението) | сн. |
| 852 ## - Местоположение | |
| Форматна сигнатура | Цб 301394 |
| Фондова буква | Хранилище |
| 999 ## - СИСТЕМНИ КОНТРОЛНИ НОМЕРА | |
| Koha biblionumber | 388232 |
| Koha biblioitemnumber | 388232 |
| 942 ## - АРТИКУЛИ | |
| Вид на библиотечния материал | Графични издания |
| Скрит в OPAC | Не |
| Периодичен библиозапис | Да |
| 944 ## - СЪЗДАВАНЕ И РЕДАКЦИЯ на ЗАПИСА | |
| Създаване/Редакция | Създаване |
| Дата на регистрацията/редакция | 2020-09-23 |
| Служител, извършил регистрацията/редакцията | Кети |
| Код за отписване | Код за изгубен артикул | Източник на класификационната схема | Код за повреда | Коз за рестрикции | Код за отдаване | Артикулен № | Име на библиотеката - собственик | Име на библиотеката, в която се намира в момента | Статус (Текущо местоположение) | Дата на вписване в системата | Местоположение - отдел | Цена в лева | Инвентарен номер | Систематично азбучна сигнатура | Баркод | Цена в евро | Служебен тип на артикула |
|---|---|---|---|---|---|---|---|---|---|---|---|---|---|---|---|---|---|
| Не е изгубен | Universal Decimal Classification | Не е повреден | само за читалня | ползва се в читалня | 800466 | Регионална библиотека "Любен Каравелов" Русе | Регионална библиотека "Любен Каравелов" Русе | Хранилище | 2020-09-25 | Хранилище | 4.00 | 225632 | Цб 301394 | 120000225632 | 2.05 | Графични издания |